<?xml version="1.0" encoding="UTF-8"?><?xml-stylesheet type="text/xsl" href="static/style.xsl"?><OAI-PMH xmlns="http://www.openarchives.org/OAI/2.0/" xmlns:xsi="http://www.w3.org/2001/XMLSchema-instance" xsi:schemaLocation="http://www.openarchives.org/OAI/2.0/ http://www.openarchives.org/OAI/2.0/OAI-PMH.xsd"><responseDate>2026-06-01T01:18:52Z</responseDate><request verb="GetRecord" identifier="oai:riuma.uma.es:10630/24329" metadataPrefix="marc">https://riuma.uma.es/rest/oai/request</request><GetRecord><record><header><identifier>oai:riuma.uma.es:10630/24329</identifier><datestamp>2026-02-03T12:34:06Z</datestamp><setSpec>com_10630_2254</setSpec><setSpec>col_10630_37957</setSpec></header><metadata><record xmlns="http://www.loc.gov/MARC21/slim" xmlns:dcterms="http://purl.org/dc/terms/" xmlns:doc="http://www.lyncode.com/xoai" xmlns:xsi="http://www.w3.org/2001/XMLSchema-instance" xsi:schemaLocation="http://www.loc.gov/MARC21/slim http://www.loc.gov/standards/marcxml/schema/MARC21slim.xsd">
   <leader>00925njm 22002777a 4500</leader>
   <datafield ind2=" " ind1=" " tag="042">
      <subfield code="a">dc</subfield>
   </datafield>
   <datafield ind2=" " ind1=" " tag="720">
      <subfield code="a">Al Shamsi, Naeema Sultan Abdulla</subfield>
      <subfield code="e">author</subfield>
   </datafield>
   <datafield ind2=" " ind1=" " tag="260">
      <subfield code="c">2022-06-09</subfield>
   </datafield>
   <datafield ind2=" " ind1=" " tag="520">
      <subfield code="a">Few  halophytes  can  grow  well  in  both  saline  and  non-saline  habitats  (i.e.,  habitat- &#xd;
indifferent). These plants offer a good opportunity to assess maternal salinity on drought and &#xd;
salinity  tolerances  during  germination.  Habitat-indifferent  halophyte  Suaeda  vermiculata &#xd;
(Amaranthaceae) in a desert ecosystem of the United Arab Emirates (UAE) was assessed in this PhD &#xd;
Memory.&#xd;
Here,  we  assessed  the  effects  of  maternal  salinity,  drought  as  simulated  with  PEG &#xd;
(Polyethylene  glycol),  and  light  and  temperature  of  incubation  and  their  interactions  on &#xd;
germination.  In  addition  to,  the  effects  of  maternal  salinity,  temperature,  and  light  &#xd;
of  seed incubation  on  seed  dormancy  and  salinity  tolerance  during  the  seed  germination  &#xd;
stage. Furthermore,  determine  the  maternal  salinity  on  some  plant  physiological  and  &#xd;
biochemical traits on different organs of S. vermiculata from salty and non-salty habitats.&#xd;
Matured seeds of S. vermiculata in saline and non-saline soils were germinated in six PEG &#xd;
concentrations (0 to -1.0 MPa) and in different levels of salinity (0 to 500 mM NaCl) with &#xd;
incubation  in  different  temperatures  in  both  light  and  dark  regimes.  Studied  germination &#xd;
attributes were final germination, germination rate index (GRI) and germination recovery of &#xd;
non-germinated seeds when transferred to distilled water. Furthermore, samples of different organs &#xd;
were collected from both habitats. Physiological and bio-chemical features (chlorophyll and &#xd;
carotenoids, proline, malondialdehyde (MDA), and hydrogen peroxide (H2O2), antioxidant enzymes &#xd;
(Catalase, CAT; guaiacol peroxidase, GPX; Ascorbate peroxidase, APX) activities) were assessed. &#xd;
Elemental compositions in soil and plant samples from both habitats were also assessed.</subfield>
   </datafield>
   <datafield ind1="8" ind2=" " tag="024">
      <subfield code="a">https://hdl.handle.net/10630/24329</subfield>
   </datafield>
   <datafield tag="653" ind2=" " ind1=" ">
      <subfield code="a">Halofitas</subfield>
   </datafield>
   <datafield tag="653" ind2=" " ind1=" ">
      <subfield code="a">Cultivos tolerantes a la sal</subfield>
   </datafield>
   <datafield tag="653" ind2=" " ind1=" ">
      <subfield code="a">Suaeda vermiculata</subfield>
   </datafield>
   <datafield tag="653" ind2=" " ind1=" ">
      <subfield code="a">Plantas-Tolerancia a la sequía</subfield>
   </datafield>
   <datafield tag="653" ind2=" " ind1=" ">
      <subfield code="a">Salinidad</subfield>
   </datafield>
   <datafield tag="653" ind2=" " ind1=" ">
      <subfield code="a">Germinación</subfield>
   </datafield>
   <datafield ind2="0" ind1="0" tag="245">
      <subfield code="a">Salinity and drought tolerance in Suaeda vermiculata, A habitat indifferent halophyte of the hyper-arid deserts of the united arab emirates (UAE)</subfield>
   </datafield>
</record>
</metadata></record></GetRecord></OAI-PMH>